006880000a22001570004500090001400000245011500014041001300129500004500142700002800187700002900215100002900244942001300273773005300286999001700339952017400356 aARb0418710aComparative study of the structure of the Scarab guild in Mexican tropical rain forests and derived eccsystems0 aInglés a1 aFavila, Mario E.9930381 aHalffter, Violeta9980901 aHalffter, Gonzalo910302 cARTICULO1 tFolia Entomológica Mexicanah84q131-156d1992 c13284d13284 001040718HEMEROTECAaBogotabBogotad2006-11-08eTrujillo, DiegohFuera de circulaciónl0oAR 04187p023622r2015-03-25 00:00:00t1w2015-03-25xEntregadoyARTICULO